MARC details
| 000 -LEADER |
| fixed length control field |
02716cgm a2200589Ma 4500 |
| 001 - CONTROL NUMBER |
| control field |
ocn907027302 |
| 003 - CONTROL NUMBER IDENTIFIER |
| control field |
OCoLC |
| 005 - DATE AND TIME OF LATEST TRANSACTION |
| control field |
20251212114503.0 |
| 007 - PHYSICAL DESCRIPTION FIXED FIELD--GENERAL INFORMATION |
| fixed length control field |
vd ugaizu |
| 008 - FIXED-LENGTH DATA ELEMENTS--GENERAL INFORMATION |
| fixed length control field |
110830s2011 cau997 g vleng d |
| 020 ## - INTERNATIONAL STANDARD BOOK NUMBER |
| International Standard Book Number |
9786314376901 |
| 020 ## - INTERNATIONAL STANDARD BOOK NUMBER |
| International Standard Book Number |
6314376904 |
| 024 7# - OTHER STANDARD IDENTIFIER |
| Standard number or code |
00097368207844 |
| Source of number or code |
gtin-14 |
| 024 1# - OTHER STANDARD IDENTIFIER |
| Standard number or code |
097368207844 |
| 028 42 - PUBLISHER NUMBER |
| Publisher number |
820784 |
| Source |
CBS DVD/Paramount |
| 035 ## - SYSTEM CONTROL NUMBER |
| System control number |
(OCoLC)907027302 |
| 040 ## - CATALOGING SOURCE |
| Original cataloging agency |
AZH |
| Language of cataloging |
eng |
| Transcribing agency |
AZH |
| Modifying agency |
OCLCO |
| -- |
OCLCF |
| -- |
OCLCO |
| -- |
OCLCQ |
| -- |
OCLCO |
| -- |
OCL |
| -- |
OCLCO |
| -- |
WACOL |
| Description conventions |
rda |
| 041 1# - LANGUAGE CODE |
| Language code of text/sound track or separate title |
eng |
| 049 ## - LOCAL HOLDINGS (OCLC) |
| Holding library |
WACL |
| 092 ## - LOCALLY ASSIGNED DEWEY CALL NUMBER (OCLC) |
| Classification number |
DVD |
| Item number |
Goo |
| 245 04 - TITLE STATEMENT |
| Title |
The good wife : the second season / |
| 250 ## - EDITION STATEMENT |
| Edition statement |
Widescreen. |
| 260 ## - PUBLICATION, DISTRIBUTION, ETC. (IMPRINT) |
| Place of publication, distribution, etc |
Hollywood, Calif. : |
| Name of publisher, distributor, etc |
CBS DVD/Paramount, |
| Date of publication, distribution, etc |
2011. |
| 264 ## - Production, Publication, Distribution, Manufacture, and Copyright Notice. |
| Place of production, publication, distribution, manufacture |
Hollywood, Calif. : |
| Name of producer, publisher, distributor, manufacturer |
CBS Prodcutions ; created by Michelle King, Robert King ; produced by Bernadette Caulfield ; written by Michelle King [and others] ; directed by Charles McDougall [and others]. |
| Date of production, publication, distribution, manufacture, or copyr |
2011 |
| 300 ## - PHYSICAL DESCRIPTION |
| Extent |
6 videodiscs (997 min.) : |
| Other physical details |
sound, color ; |
| Dimensions |
4 3/4 in. |
| 336 ## - Content Type |
| Content type term |
two-dimensional moving image |
| 337 ## - Media type |
| Media type term |
video |
| 338 ## - Carrier type |
| Carrier type term |
videodisc |
| 505 0# - FORMATTED CONTENTS NOTE |
| Formatted contents note |
Disc 1: Taking control -- Double jeopardy -- Breaking fast -- Cleaning house ; Disc 2: VIP treatment -- Poisoned pill -- Bad girls -- On tap ; Disc 3: Nine hours -- Breaking up -- Two courts -- Silly seaon ; Disc 4: Real deal -- Net worth -- Silver bullet ; Disc 5: Great firewall -- Ham sandwich -- Killer song -- Wrongful termination ; Disc 6: Foreign affairs -- In sickness -- Getting off -- Closing arguments. |
| 511 1# - PARTICIPANT OR PERFORMER NOTE |
| Participant or performer note |
Julianna Margulies, Matt Czuchry, Archie Panjabi, Josh Charles, Christine Baranski, Chris Noth. |
| 518 ## - DATE/TIME AND PLACE OF AN EVENT NOTE |
| Date/time and place of an event note |
Originally broadcast on television 2010-2011. |
| 520 ## - SUMMARY, ETC. |
| Summary, etc |
Follows a politician's wife who pursues her own career as a defense attorney after her politician husband is sent to jail on charges of corruption. |
| 521 ## - TARGET AUDIENCE NOTE |
| Target audience note |
Not rated. |
| 521 ## - TARGET AUDIENCE NOTE |
| Target audience note |
DVD |
| Source |
Midwest Tape |
| 538 ## - SYSTEM DETAILS NOTE |
| System details note |
DVDs, Dolby digital 5.1. |
| 540 ## - TERMS GOVERNING USE AND REPRODUCTION NOTE |
| Terms governing use and reproduction |
For private home use only. |
| 546 ## - LANGUAGE NOTE |
| Language note |
In English with optional Spanish subtitles. |
| 546 ## - LANGUAGE NOTE |
| Language note |
Subtitled for the deaf and hard of hearing. |
| 650 #0 - SUBJECT ADDED ENTRY--TOPICAL TERM |
| Topical term or geographic name as entry element |
Women lawyers |
| Form subdivision |
Fiction. |
| 9 (RLIN) |
5678703 |
| 650 #0 - SUBJECT ADDED ENTRY--TOPICAL TERM |
| Topical term or geographic name as entry element |
Trials |
| Form subdivision |
Fiction. |
| 9 (RLIN) |
5690911 |
| 650 #0 - SUBJECT ADDED ENTRY--TOPICAL TERM |
| Topical term or geographic name as entry element |
Spouses |
| Form subdivision |
Fiction. |
| 9 (RLIN) |
5686617 |
| 650 #0 - SUBJECT ADDED ENTRY--TOPICAL TERM |
| Topical term or geographic name as entry element |
Television programs. |
| 9 (RLIN) |
6019663 |
| 650 #7 - SUBJECT ADDED ENTRY--TOPICAL TERM |
| Topical term or geographic name as entry element |
Spouses. |
| Source of heading or term |
fast |
| 9 (RLIN) |
6019664 |
| 650 #7 - SUBJECT ADDED ENTRY--TOPICAL TERM |
| Topical term or geographic name as entry element |
Television programs. |
| Source of heading or term |
fast |
| 9 (RLIN) |
6019663 |
| 650 #7 - SUBJECT ADDED ENTRY--TOPICAL TERM |
| Topical term or geographic name as entry element |
Trials. |
| Source of heading or term |
fast |
| 9 (RLIN) |
6019665 |
| 650 #7 - SUBJECT ADDED ENTRY--TOPICAL TERM |
| Topical term or geographic name as entry element |
Women lawyers. |
| Source of heading or term |
fast |
| 9 (RLIN) |
6019666 |
| 655 #7 - INDEX TERM--GENRE/FORM |
| Genre/form data or focus term |
Fiction. |
| Source of term |
fast |
| 9 (RLIN) |
5673940 |
| 700 1# - ADDED ENTRY--PERSONAL NAME |
| Personal name |
Margulies, Julianna, |
| Dates associated with a name |
1966- |
| 9 (RLIN) |
65490 |
| 700 1# - ADDED ENTRY--PERSONAL NAME |
| Personal name |
McDougall, Charles. |
| 9 (RLIN) |
5773524 |
| 942 ## - ADDED ENTRY ELEMENTS (KOHA) |
| Koha item type |
DVD |
| Source of classification or shelving scheme |
Dewey Decimal Classification |
| 948 ## - LOCAL PROCESSING INFORMATION (OCLC); SERIES PART DESIGNATOR (RLIN) |
| Series part designator, SPT (RLIN) |
02/06/2020 |
| z (OCLC) |
Sirsi |